000 00481nam a2200181Ia 4500
008 240925s9999 xx 000 0 und d
020 _a8131717402
082 _a519.4 GER
100 _aGerald , F.Curtis
245 0 _aApplied Numerical Analysis
250 _a7th
260 _aNew Delhi:
_bPearson Printice Hall
_c,2004.
300 _axvi,313p.
_bN.A
_fPhotocopy
500 _aIncludes Index
600 _aHumanities & Natural Science
650 _aMathematics
942 _cBK
999 _c11023
_d11023